10 Random US States - Statistics

General Stats
  • This quiz has been taken 24 times
  • The average score is 7 of 10
Answer Stats
Region Answer % Correct
New England Maine
90%
West Coast Oregon
85%
Southern Georgia
75%
Southern Louisiana
70%
East Coast Maryland
70%
Central Missouri
70%
Eastern West Virginia
70%
Great Lakes Ohio
65%
Northern Montana
60%
Western Wyoming
60%
No matching quizzes found
Score Distribution
Percent of People with Each Score
Percentile by Number Answered
Your Score History
You have not taken this quiz